000 00478nam a2200181Ia 4500
008 100917s9999 xx 000 0 und d
082 _b58370
100 _aमंगेशकर गीता
245 _aसुगंध
260 _bप्रिया प्रकाशन
_c1983
300 _a241
365 _b38
520 _aकादंबरी
630 _aसुगंध
650 _aकादंबरी
730 _aसुगंध
942 _cBOOK
999 _c663764
_d663761